Systems analysis and design

Salvato in:
Dettagli Bibliografici
Autore principale: D R Jeffrey
Natura: Libro
Lingua:Undetermined
Pubblicazione: Sydney, Australia Prentice-Hall 1984
Soggetti:
Tags: Aggiungi Tag
Nessun Tag, puoi essere il primo ad aggiungerne! !
Thư viện lưu trữ: Trung tâm Học liệu Trường Đại học Cần Thơ
LEADER 00485nam a2200181Ia 4500
001 CTU_20651
008 210402s9999 xx 000 0 und d
082 |a 001.61 
082 |b J56 
100 |a D R Jeffrey 
245 0 |a Systems analysis and design 
245 0 |c D R Jeffrey, M J Lawrence 
260 |a Sydney, Australia 
260 |b Prentice-Hall 
260 |c 1984 
650 |a system design 
904 |i Minh, 971225 
980 |a Trung tâm Học liệu Trường Đại học Cần Thơ